000 00565nam a2200157 i 4500
001 46709
003 ES-MaACL
005 20230906161431.0
007 t|
008 030331s1972 bl ||||1| eng d
111 2 _aCongress International Society of Aesthetic Plastic Surgery (
_n1st.
_d1972.
_cRio de Janeiro)
_9583
245 1 0 _aFirst Congress International Society of Aesthetic Plastic Surgery
_b: Rio de Janeiro, 1972.
260 _aRio de Janeiro :
_bPub. controladas F.M.,
_c1972.
300 _aVIII, 60, XX p. ;
_c24 cm.
852 _aES-MaACL
_jC-40982
_bR.80320
999 _c46709
_d46709